Religious ferment in modern India /

Bibliographic Details
Main Author: French, Hal W.
Other Authors: Sharma, Arvind
Format: Book
Language:English
Published: New York : St. Martin's Press, 1981.
Subjects:

MARC

Tag First Indicator Second Indicator Subfields
LEADER 00000pam a2200000 a 4500
001 in00000075061
005 20151008060258.0
008 810421s1981 nyu b 00110 eng
010 |a  81005725  
020 |a 0312671342 
035 |a (OCoLC)07550693 
035 |9 AAJ5459AM 
039 0 |a 2  |b 3  |c 3  |d 3  |e 3 
040 |a DLC  |c DLC  |d TXA  |d UtOrBLW 
043 |a a-ii--- 
049 |a TXAM  |c [387933] 
050 0 0 |a BL2001.2  |b .F73 1981 
082 0 |a 294  |2 19 
100 1 |a French, Hal W. 
245 1 0 |a Religious ferment in modern India /  |c Hal W. French and Arvind Sharma. 
264 1 |a New York :  |b St. Martin's Press,  |c 1981. 
300 |a x, 185 pages ;  |c 23 cm. 
336 |a text  |b txt  |2 rdacontent 
337 |a unmediated  |b n  |2 rdamedia 
338 |a volume  |b nc  |2 rdacarrier 
504 |a Includes bibliographical references and indexes. 
651 0 |a India  |x Religion. 
700 1 |a Sharma, Arvind. 
999 |a MARS 
999 f f |s e8f8b229-bf38-3bbe-b143-d83b9484d7a3  |i 886d7f81-416c-3ccc-9072-9615dce99654  |t 0 
952 f f |p ric  |a Texas A&M University  |b Rellis Campus  |c Joint Library Facility  |d Remote Storage  |t 0  |e BL2001.2 .F73 1981  |h Library of Congress classification  |i unmediated -- volume  |m A14806090084 
998 f f |a BL2001.2 .F73 1981  |t 0  |l Remote Storage